000 00612nam a2200121Ia 4500
008 220620s9999||||xx |||||||||||||| ||und||
245 0 _aRape in the Nordic Countries
_bContinuity and Change
546 _aEnglish[eng]
650 _aSociology||gender studies||criminology
700 _aBruvik Heinskou, Marie||Skilbrei, May-Len||Stefansen, Kari
856 _uhttps://library.oapen.org/bitstream/20.500.12657/24357/1/9781138606517_text.pdf||https://library.oapen.org/bitstream/20.500.12657/24357/1/9781138606517_text.pdf||https://library.oapen.org/bitstream/20.500.12657/24357/1/9781138606517_text.pdf
942 _cEB
999 _c25699
_d25699